000 00303nam a22001337a 4500
008 170531b xxu||||| |||| 00| 0 eng d
020 _a0807054104
041 _aeng
080 _a94
100 _a17
101 _aSHH
245 _aTHR AMENDMENT THAT REFUSED TO DIE
_cMEYER,H,N
942 _2udc
_cBK
999 _c15146
_d15146